| 000 | 00560nam a22001817a 4500 | ||
|---|---|---|---|
| 999 |
_c27813 _d27813 |
||
| 003 | BDDh-ASL | ||
| 005 | 20231015030809.0 | ||
| 008 | 211013s2000 pk ||||| |||| 00| 0 eng d | ||
| 040 | _cBDDh-ASL | ||
| 082 |
_a954.552 _bGAZ |
||
| 110 | 1 |
_95963 _aPunjab Government |
|
| 245 | 0 | 0 | _aGazetteer of the Jullundur District, Part A.-1904 / |
| 260 |
_aLahore: _bSang-e-Meel Publications, _c2000. |
||
| 300 |
_a305, xxiv, 45 p. : _c25 cm. |
||
| 650 | 0 |
_93522 _aDistrict Gazetteers _zPunjab Government |
|
| 651 | 0 |
_95965 _aJullundur District _zLahore |
|
| 942 |
_2ddc _cBK |
||